Management Information Systems : Managing the Digital Firm (Record no. 25961)

MARC details
000 -LEADER
fixed length control field 00468nam a22001817a 4500
005 - DATE AND TIME OF LATEST TRANSACTION
control field 20230713115818.0
008 - FIXED-LENGTH DATA ELEMENTS--GENERAL INFORMATION
fixed length control field 230713b |||||||| |||| 00| 0 eng d
020 ## - INTERNATIONAL STANDARD BOOK NUMBER
ISBN 9789332548909
082 ## - DEWEY DECIMAL CLASSIFICATION NUMBER
Classification number 658.4038
Item number LAU-M
100 ## - MAIN ENTRY--AUTHOR
Author Name Laudon, Kenneth C.
245 ## - TITLE STATEMENT
Title Management Information Systems : Managing the Digital Firm
250 ## - EDITION STATEMENT
Edition statement 14th ed.
260 ## - PUBLICATION, DISTRIBUTION, ETC.
Place of Publication India
Name of publisher, distributor, etc. Pearsons
Date of publication, distribution, etc. 2017
300 ## - PHYSICAL DESCRIPTION
Pages 688
500 ## - GENERAL NOTE
General note Include Index
650 ## - SUBJECT ADDED ENTRY--TOPICAL TERM
Subject / Department Management
952 ## - LOCATION AND ITEM INFORMATION (KOHA)
-- 0
-- 0
Holdings
Lost status Damaged status Permanent Location Current Location Shelving Location Date acquired Full Call Number Accession No./Barcode Date last seen item type
    Superior Information Resource Center (SIRC) Superior University- Central Library Superior Information Resource Center (SIRC) Superior University- Central Library Management 07/13/2023 658.4038 LAU-M 2017 20072 07/13/2023 BOOK

Powered by Koha